Entrances and staircases (Record no. 42109)

MARC details
000 -LEADER
fixed length control field 00539nam a2200157 a 4500
008 - FIXED-LENGTH DATA ELEMENTS--GENERAL INFORMATION
fixed length control field 120416s1967 ||||||||||||||||| || u
050 ## - LIBRARY OF CONGRESS CALL NUMBER
Classification number NA 3010 Ent
100 ## - MAIN ENTRY--PERSONAL NAME
Personal name Gatz, T
245 10 - TITLE STATEMENT
Title Entrances and staircases
Statement of responsibility, etc. edited by H.J. Meier-Menzel
260 ## - PUBLICATION, DISTRIBUTION, ETC.
Place of publication, distribution, etc. London
Name of publisher, distributor, etc. Iliffe Books
Date of publication, distribution, etc. 1967
300 ## - PHYSICAL DESCRIPTION
Extent 119p.
350 ## - PRICE (NR) (BK AM CF MU VM SE) [OBSOLETE]
Price 0.00
700 ## - ADDED ENTRY--PERSONAL NAME
Personal name Meier-Menzel, H. J
700 ## - ADDED ENTRY--PERSONAL NAME
Personal name Halmburger, K
995 ## - RECOMMENDATION 995 [LOCAL, UNIMARC FRANCE]
-- 0.00
-- CBU-MAIN LIBRARY (Kitwe)
-- 1
-- 2.50
-- AVAILABLE
-- Annex Low-Usage Collection
Holdings
Withdrawn status Lost status Source of classification or shelving scheme Damaged status Not for loan Home library Current library Shelving location Date acquired Total Checkouts Full call number Barcode Date last seen Price effective from Koha item type
          CBU-MAIN LIBRARY, KITWE. CBU-MAIN LIBRARY, KITWE.   11/30/2022   NA 3010 Ent 009983 11/30/2022 11/30/2022 MONOGRAPH